000 00540nam a2200205Ia 4500
005 20260429112022.0
008 260429s9999||||xx |||||||||||||| ||und||
020 _a9781032229164
041 _aEnglish
082 _a332
_bVAR
100 _aVargas, Carlos
245 0 _aSustainable finance fundamentals /
_cCarlos Vargas
250 _a1st ed.
260 _aNew York :
_bRoutledge,
_c2024.
300 _axv, 152 p.; hb
650 _a ESG investing
650 _a Financial management
650 _aSustainable finance
942 _cTB
999 _c51917
_d51917